00343nam a2200133Ia 4500008004100000020001500041041001200056082001600068100002000084245005600104260002500160300000800185650001600193221030s9999 xx 000 0 und d a0074601423 aEnglish a105.23bGot aB. S. Gottfried 0aSchaum`s Programming with Basiccby B. S. Gottfried bTMHaNew Delhic2000 a386 aBE Computer